Định hướng về cao độ công trình thích ứng với biến đổi khí hậu tại thành phố Vị Thanh, tỉnh Hậu Giang : Luận văn tốt nghiệp Cao học. Chuyên ngành Quản lý Tài nguyên và Môi trường

Đề tài đánh giá cao độ hiện trạng các công trình hạ tầng kỹ thuật, hạ tầng xã hội và mực nước dâng tại thành phố Vị Thanh, từ đó đề xuất về cao độ công trình thích ứng với biến đổi khí hậu....

全面介绍

Đã lưu trong:
书目详细资料
主要作者: Nguyễn, Huỳnh Đức
格式: 图书
语言:Undetermined
出版: Cần Thơ Trường Đại học Cần Thơ 2015
主题:
标签: 添加标签
没有标签, 成为第一个标记此记录!
Thư viện lưu trữ: Trung tâm Học liệu Trường Đại học Cần Thơ
LEADER 01288nam a2200229Ia 4500
001 CTU_205867
008 210402s9999 xx 000 0 und d
082 |a 333.77 
082 |b Đ552 
088 |a 60850101 
100 |a Nguyễn, Huỳnh Đức 
245 0 |a Định hướng về cao độ công trình thích ứng với biến đổi khí hậu tại thành phố Vị Thanh, tỉnh Hậu Giang : 
245 0 |b Luận văn tốt nghiệp Cao học. Chuyên ngành Quản lý Tài nguyên và Môi trường 
245 0 |c Nguyễn Huỳnh Đức ; Lê Anh Tuấn (Cán bộ hướng dẫn) 
260 |a Cần Thơ 
260 |b Trường Đại học Cần Thơ 
260 |c 2015 
520 |a Đề tài đánh giá cao độ hiện trạng các công trình hạ tầng kỹ thuật, hạ tầng xã hội và mực nước dâng tại thành phố Vị Thanh, từ đó đề xuất về cao độ công trình thích ứng với biến đổi khí hậu. 
650 |a Building,Xây dựng 
650 |x Environmental aspects,Khía cạnh môi trường 
904 |i Hải 
980 |a Trung tâm Học liệu Trường Đại học Cần Thơ